000 00936cam a2200253 4500
008 000000n1999 000 0 eng u
020 _a0754610128
035 _a(Sirsi) u108397
050 _a333.70285
100 _aOrford, Scott
245 _aValuing the built environment : GIS and house price analysis.
260 _aAldershot
_bAshgate Publishing Limited
_c1999
300 _axv, 216p. ; 23cm.
350 _a39.95
520 _aThis publication explores hedonic house price models within a geographical rather than purely economic context. Whereas these models have previously been conceptualised as spatial, they are here re-evaluated by exploring how the spatial aspects of housing markets can be incorporated
650 _aGIS
650 _aGIS
650 _aDATA ANALYSIS
650 _aSTATISTICS
650 _aDEMOGRAPHICS
650 _aSPATIAL DATA
690 _aMAPPING AND MEASUREMENT-GIS
942 _n0
999 _c100784
_d100784